Vplyv vybraných vlastností značky na spotrebiteľské správanie diplomová práca

Guardado en:
Detalles Bibliográficos
Autor principal: Butaš, Tomáš
Autor Corporativo: Obchodná fakulta EU. Katedra marketingu
Otros Autores: Korčoková, Marína, 1970-
Formato: Libro
Lenguaje:eslovaco
Publicado: Bratislava 2024
Etiquetas: Agregar Etiqueta
Sin Etiquetas, Sea el primero en etiquetar este registro!

MARC

LEADER 00000nbm a2200000 4500
001 0302104
005 20241206151041.8
041 0 |a slo 
044 |a SK 
245 1 0 |a Vplyv vybraných vlastností značky na spotrebiteľské správanie  |b diplomová práca  |c Tomáš Butaš ; školiteľ: Marína Korčoková 
264 1 |a Bratislava  |c 2024 
300 |a 78 s. 
100 1 |a Butaš, Tomáš 
700 1 |a Korčoková, Marína, 1970- 
710 2 |a Obchodná fakulta EU. Katedra marketingu